<?xml version='1.0' encoding='UTF-8'?>
  <record xmlns="http://www.loc.gov/MARC21/slim">
    <leader>00000cam a2200000 i 4500</leader>
    <controlfield tag="001">on1545569048</controlfield>
    <controlfield tag="003">OCoLC</controlfield>
    <controlfield tag="005">20251027090735.6</controlfield>
    <controlfield tag="008">251017s1496    it            001 0 lat d</controlfield>
    <datafield tag="040" ind1=" " ind2=" ">
      <subfield code="a">QGJ</subfield>
      <subfield code="b">eng</subfield>
      <subfield code="e">rda</subfield>
      <subfield code="e">dcrmr</subfield>
      <subfield code="c">QGJ</subfield>
      <subfield code="d">QGJ</subfield>
      <subfield code="d">OCLCO</subfield>
      <subfield code="d">QGJ</subfield>
    </datafield>
    <datafield tag="066" ind1=" " ind2=" ">
      <subfield code="c">(S</subfield>
    </datafield>
    <datafield tag="035" ind1=" " ind2=" ">
      <subfield code="a">(OCoLC)1545569048</subfield>
    </datafield>
    <datafield tag="110" ind1="2" ind2=" ">
      <subfield code="a">Catholic Church,</subfield>
      <subfield code="e">issuing body.</subfield>
      <subfield code="4">isb</subfield>
    </datafield>
    <datafield tag="240" ind1="1" ind2="0">
      <subfield code="a">Decretales Gregorii IX</subfield>
    </datafield>
    <datafield tag="245" ind1="1" ind2="0">
      <subfield code="a">Decretales: cum summarijs suis et textuum diuisionibus. ac etiam rubricarum continuationibus.</subfield>
    </datafield>
    <datafield tag="246" ind1="1" ind2=" ">
      <subfield code="i">Title according to ISTC:</subfield>
      <subfield code="a">Decretales cum glossa</subfield>
    </datafield>
    <datafield tag="246" ind1="1" ind2=" ">
      <subfield code="i">Title according to IDL:</subfield>
      <subfield code="a">Decretales, cum glossa Bernardi Parmensis</subfield>
    </datafield>
    <datafield tag="246" ind1="1" ind2=" ">
      <subfield code="i">Title according to  Alblas, J. Incunabelen Rijksuniversiteit te Utrecht:</subfield>
      <subfield code="a">Decretales</subfield>
    </datafield>
    <datafield tag="246" ind1="3" ind2=" ">
      <subfield code="a">Co[m]pilatio decretaliu[m] gregorij. ix.</subfield>
    </datafield>
    <datafield tag="264" ind1=" " ind2="1">
      <subfield code="a">Venetiis :</subfield>
      <subfield code="b">Per Baptistam de tortis.,</subfield>
      <subfield code="c">M.cccc.lxxxxvj. die. x. Octobris. [10 Oct. 1496]</subfield>
    </datafield>
    <datafield tag="300" ind1=" " ind2=" ">
      <subfield code="a">[4], 303, [1] leaves ;</subfield>
      <subfield code="c">42 cm (folio)</subfield>
    </datafield>
    <datafield tag="336" ind1=" " ind2=" ">
      <subfield code="a">text</subfield>
      <subfield code="b">txt</subfield>
      <subfield code="2">rdacontent</subfield>
    </datafield>
    <datafield tag="337" ind1=" " ind2=" ">
      <subfield code="a">unmediated</subfield>
      <subfield code="b">n</subfield>
      <subfield code="2">rdamedia</subfield>
    </datafield>
    <datafield tag="338" ind1=" " ind2=" ">
      <subfield code="a">volume</subfield>
      <subfield code="b">nc</subfield>
      <subfield code="2">rdacarrier</subfield>
    </datafield>
    <datafield tag="340" ind1=" " ind2=" ">
      <subfield code="m">folio</subfield>
      <subfield code="2">rdabf</subfield>
    </datafield>
    <datafield tag="340" ind1=" " ind2=" ">
      <subfield code="k">2 columns</subfield>
    </datafield>
    <datafield tag="500" ind1=" " ind2=" ">
      <subfield code="a">Title from title page (leaf a1 recto).</subfield>
    </datafield>
    <datafield tag="500" ind1=" " ind2=" ">
      <subfield code="a">Main entry according to ISTC, GW and IDL: Gregorius IX.</subfield>
    </datafield>
    <datafield tag="500" ind1=" " ind2=" ">
      <subfield code="a">Text on leaf a1 verso: Decretaliu[m] hanc gregorianam compillationem candide lector: habes illustratam lucubrationibus Clarissimi vtriusq[ue] iuris doctoris Domini Hieronymi Clarij Brix. cu[m] quibusdam additionibus suis preter emendationem: ... Aureis etiam impressionibus Venetis Baptiste de tortis tricentis [et] bis mille exemplaribus.</subfield>
    </datafield>
    <datafield tag="500" ind1=" " ind2=" ">
      <subfield code="a">First line main text (leaf a2 recto): In nomine sancte trinitatis ame[n]. Co[m]pilatio decretaliu[m] gregorij. ix.</subfield>
    </datafield>
    <datafield tag="500" ind1=" " ind2=" ">
      <subfield code="6">880-01</subfield>
      <subfield code="a">Publication statement from colophon (leaf L7 recto), which reads: Venetijs Per Baptistam de tortis. M.cccc.lxxxxvj. die. x. Octobris.</subfield>
    </datafield>
    <datafield tag="500" ind1=" " ind2=" ">
      <subfield code="a">First line main text printed in red, followed by text printed in black: [G]Regorius episcopus seruus seruo[rum] dei Dilectis filiis doctorib[us] [et] scolaribus vniuersis bononie co[m]morantib[us] salutem [et] apostolicam benedictionem.</subfield>
    </datafield>
    <datafield tag="500" ind1=" " ind2=" ">
      <subfield code="6">880-02</subfield>
      <subfield code="a">Foliation in Arabic numerals.</subfield>
    </datafield>
    <datafield tag="500" ind1=" " ind2=" ">
      <subfield code="a">Printer's device on leaf L7 verso, with privilege reading: Cum priuilegio ne quis audeat hoc opus imprimere citra dece[m] annos sub pena in eo [con]tenta.</subfield>
    </datafield>
    <datafield tag="500" ind1=" " ind2=" ">
      <subfield code="a">Text of Decretales surrounded by commentary by Bernardo Bottoni, also known as Bernardus Parmensis.</subfield>
    </datafield>
    <datafield tag="500" ind1=" " ind2=" ">
      <subfield code="a">With additions by Hieronymus Clarius.</subfield>
    </datafield>
    <datafield tag="500" ind1=" " ind2=" ">
      <subfield code="a">Text printed in two columns.</subfield>
    </datafield>
    <datafield tag="500" ind1=" " ind2=" ">
      <subfield code="a">Initials, titles of paragraphs, etc. printed in red.</subfield>
    </datafield>
    <datafield tag="500" ind1=" " ind2=" ">
      <subfield code="a">Capital spaces, mostly with guide letters.</subfield>
    </datafield>
    <datafield tag="500" ind1=" " ind2=" ">
      <subfield code="6">880-03</subfield>
      <subfield code="a">BSB-Ink distinguishes three variant edtions (BSB-Ink G-360, G-361, G-362). B-360 and B-362 read e.g. leaf a1 verso: Decretaliu[m] hanc gregoriana[m] compillationem candide lector habes ... Ve // netis Baptiste de Tortis ...; leaf a2 recto: In nomine sancte trinitatis ame[n]; and colophon: Baptistam // de tortis .... G-361 reads leaf a1 verso: Decretaliu[m] hanc Gregorianam compillationem candide lector habes ... Venetis // Baptiste de Tortis ...; leaf a2 recto: In nomine sancte trinitatis amen; and colophon: ... Bapitistam // de Tortis ... G-360 reads on leaf L7 recto: finis; G-361 and G 362 reads on leaf L7: FINIS</subfield>
    </datafield>
    <datafield tag="510" ind1="4" ind2=" ">
      <subfield code="a">Incunabula short title catalogue,</subfield>
      <subfield code="c">ig00474000</subfield>
      <subfield code="u">https://data.cerl.org/istc/ig00474000</subfield>
    </datafield>
    <datafield tag="510" ind1="4" ind2=" ">
      <subfield code="a">Gesamtkatalog der Wiegendrucke,</subfield>
      <subfield code="c">11493</subfield>
      <subfield code="u">https://www.gesamtkatalogderwiegendrucke.de/docs/GW11493.htm</subfield>
    </datafield>
    <datafield tag="510" ind1="4" ind2=" ">
      <subfield code="a">Incunabula in Dutch Libraries,</subfield>
      <subfield code="c">2074</subfield>
    </datafield>
    <datafield tag="510" ind1="4" ind2=" ">
      <subfield code="a">Bayerische Staatsbibliothek Inkunabelkatalog,</subfield>
      <subfield code="c">G-360</subfield>
      <subfield code="u">https://inkunabeln.digitale-sammlungen.de/Ausgabe_G-360.html</subfield>
    </datafield>
    <datafield tag="510" ind1="4" ind2=" ">
      <subfield code="a">Bayerische Staatsbibliothek Inkunabelkatalog,</subfield>
      <subfield code="c">G-361</subfield>
      <subfield code="u">https://inkunabeln.digitale-sammlungen.de/Ausgabe_G-361.html</subfield>
    </datafield>
    <datafield tag="510" ind1="4" ind2=" ">
      <subfield code="a">Bayerische Staatsbibliothek Inkunabelkatalog,</subfield>
      <subfield code="c">G-362</subfield>
      <subfield code="u">https://inkunabeln.digitale-sammlungen.de/Ausgabe_G-362.html</subfield>
    </datafield>
    <datafield tag="510" ind1="4" ind2=" ">
      <subfield code="a">Typenrepertorium der Wiegendrucke,</subfield>
      <subfield code="c">ma00860</subfield>
      <subfield code="u">https://tw.staatsbibliothek-berlin.de/ma00860</subfield>
    </datafield>
    <datafield tag="510" ind1="4" ind2=" ">
      <subfield code="a">Typenrepertorium der Wiegendrucke,</subfield>
      <subfield code="c">ma00861</subfield>
      <subfield code="u">https://tw.staatsbibliothek-berlin.de/ma00861</subfield>
    </datafield>
    <datafield tag="510" ind1="4" ind2=" ">
      <subfield code="a">Typenrepertorium der Wiegendrucke,</subfield>
      <subfield code="c">ma00862</subfield>
      <subfield code="u">https://tw.staatsbibliothek-berlin.de/ma00862</subfield>
    </datafield>
    <datafield tag="546" ind1=" " ind2=" ">
      <subfield code="b">Typeface: 10:82G, 12:95G, 14:185G</subfield>
    </datafield>
    <datafield tag="650" ind1=" " ind2="0">
      <subfield code="a">Canon law</subfield>
      <subfield code="v">Early works to 1800.</subfield>
    </datafield>
    <datafield tag="650" ind1=" " ind2="6">
      <subfield code="a">Droit canonique</subfield>
      <subfield code="v">Ouvrages avant 1800.</subfield>
    </datafield>
    <datafield tag="650" ind1=" " ind2="7">
      <subfield code="a">Incunabula</subfield>
      <subfield code="2">fast</subfield>
    </datafield>
    <datafield tag="655" ind1=" " ind2="7">
      <subfield code="a">incunabula (books)</subfield>
      <subfield code="2">aat</subfield>
    </datafield>
    <datafield tag="655" ind1=" " ind2="7">
      <subfield code="a">Early works</subfield>
      <subfield code="2">fast</subfield>
    </datafield>
    <datafield tag="655" ind1=" " ind2="7">
      <subfield code="a">Incunables.</subfield>
      <subfield code="2">rvmgf</subfield>
    </datafield>
    <datafield tag="700" ind1="0" ind2=" ">
      <subfield code="a">Gregory</subfield>
      <subfield code="b">IX,</subfield>
      <subfield code="c">Pope,</subfield>
      <subfield code="d">approximately 1170-1241,</subfield>
      <subfield code="e">patron.</subfield>
      <subfield code="4">pat</subfield>
      <subfield code="1">https://id.oclc.org/worldcat/entity/E39PBJcBWF9XjXdvWphMgRy8G3</subfield>
    </datafield>
    <datafield tag="700" ind1="1" ind2=" ">
      <subfield code="a">Bottoni, Bernardo,</subfield>
      <subfield code="d">-1266,</subfield>
      <subfield code="e">commentator for written text.</subfield>
      <subfield code="4">cwt</subfield>
      <subfield code="1">https://id.oclc.org/worldcat/entity/E39PBJkMJQTp778xwT9bBwVQv3</subfield>
    </datafield>
    <datafield tag="700" ind1="1" ind2="2">
      <subfield code="i">Container of (work):</subfield>
      <subfield code="a">Bottoni, Bernardo,</subfield>
      <subfield code="d">-1266.</subfield>
      <subfield code="t">Glossa ordinaria in Decretales.</subfield>
    </datafield>
    <datafield tag="700" ind1="1" ind2=" ">
      <subfield code="a">Chiari, Girolamo,</subfield>
      <subfield code="d">active 15th century,</subfield>
      <subfield code="e">commentator for written text.</subfield>
      <subfield code="4">cwt</subfield>
    </datafield>
    <datafield tag="700" ind1="1" ind2=" ">
      <subfield code="a">Torti, Battista,</subfield>
      <subfield code="d">active 1481-1536,</subfield>
      <subfield code="e">printer.</subfield>
      <subfield code="4">prt</subfield>
      <subfield code="1">https://id.oclc.org/worldcat/entity/E39PBJfx7vT8DWD3VxXxvjgHYP</subfield>
    </datafield>
    <datafield tag="752" ind1=" " ind2=" ">
      <subfield code="a">Italy</subfield>
      <subfield code="d">Venice,</subfield>
      <subfield code="e">publication place.</subfield>
      <subfield code="4">pup</subfield>
    </datafield>
    <datafield tag="758" ind1=" " ind2=" ">
      <subfield code="a">Decretales cum summarijs suis et textuum diuisionibus. ac etiam rubricaru(m) continuationibus (Text)</subfield>
      <subfield code="1">https://id.oclc.org/worldcat/entity/E39PCGv6bbwPWWCcxQ6xrWHHRX</subfield>
      <subfield code="4">https://id.oclc.org/worldcat/ontology/hasWork</subfield>
    </datafield>
    <datafield tag="880" ind1=" " ind2=" ">
      <subfield code="6">500-01/(S</subfield>
      <subfield code="a">Leaf π1 recto: Cum priuilegio</subfield>
    </datafield>
    <datafield tag="880" ind1=" " ind2=" ">
      <subfield code="6">500-02/(S</subfield>
      <subfield code="a">Includes index (leaf π1 verso-π4 verso): Tabula omnium rubricarum cum suis capitulis; o[mn]ia p[er] alphabetum posita [et] ad loca sua p[er] ordine[m] remissa.</subfield>
    </datafield>
    <datafield tag="880" ind1=" " ind2=" ">
      <subfield code="6">500-03/(S</subfield>
      <subfield code="a">Signatures: π⁴ a-z⁸ [et]⁸ [us]⁸ [rum]⁸ A-E⁸ EE⁸ F-L⁸; L8 is blank.</subfield>
    </datafield>
  </record>